000 00816nam a2200229 a 4500
001 BRCA_1772
005 20190320203537.0
008 910423s1977 mx-a---##b---f000-0#spa-#
040 _aDLC
_cDLC
_dDLC
050 4 _aNA4425.M4
_b.P35 1977
245 1 0 _aEl Palacio de Minería.
260 _aMéxico
_bUNAM, Sociedad de Ex-alumnos de la Facultad de Ingeniería
_c1977
300 _a231 p.
_bil. (algunas a color)
_c31 cm.
500 _aColección Sonia Corcuera de Mancera
504 _aIncluye referencias bibliográficas
600 1 4 _aTolsá, Manuel
_d1757-1816
_95515
610 2 4 _aPalacio de Minería
_zMéxico
_95516
650 1 4 _aNeoclasicismo (Arquitectura)
_xConservación y restauración
_zMéxico
_95517
651 4 _aCiudad de México
_xEdificios, estructuras, etc.
_91264
902 _aDSC
942 _2lcc
_cB
999 _c1554
_d1554